Quel est le pays le plus proche ? - Villes mondiales - Statistiques

Statistiques générales
  • Ce quiz a été pris 105 fois
  • Le résultat moyen est 19 sur 30
Statistiques - réponses
Ville Pays % Correct
Seoul Corée du Nord
99%
Londres France
99%
Seattle Canada
98%
Paris Belgique
84%
Buenos Aires Uruguay
81%
Hambourg Danemark
78%
Malmö Danemark
78%
Palerme Tunisie
77%
Venise Croatie
76%
Le Caire Israël
75%
Florence Saint Marin
67%
Tokyo Corée du Sud
66%
Perth Indonésie
65%
New Delhi Népal
65%
Alger Espagne
63%
Munich République Tchèque
63%
Miami Bahamas
60%
Brasilia Bolivie
57%
Mexico Guatemala
57%
Auckland Australie
55%
Saint Pétersbourg Estonie
55%
Bangkok Birmanie
51%
Manille Taiwan
46%
Istanbul Bulgarie
45%
La Mecque Soudan
45%
Bakou Iran
44%
Le Cap Namibie
43%
Lagos Bénin
35%
Iekaterinbourg Kazakhstan
30%
Honolulu Kiribati
22%
Aucun quiz correspondant
Distribution des résultats
% des personnes avec chaque résultat
Percentile par nombre de réponses
Votre historique - résultats
Vous n’avez pas pris ce quiz